ARRUPE JESUIT UNIVERSITY

CORONAVIRUS -STOP THE SPREAD - CLEAN,DISINFECT,COVER

Heidegger (Record no. 123453)

MARC details
000 -LEADER
fixed length control field 00504nam a22001577a 4500
008 - FIXED-LENGTH DATA ELEMENTS--GENERAL INFORMATION
fixed length control field 151006b xxu||||| |||| 00| 0 eng d
020 ## - INTERNATIONAL STANDARD BOOK NUMBER
International Standard Book Number 9780826486691
050 ## - LIBRARY OF CONGRESS CALL NUMBER
Classification number B3279.H49C395 2008
100 ## - MAIN ENTRY--PERSONAL NAME
Personal name Cerbone, David R.
9 (RLIN) 20055
245 ## - TITLE STATEMENT
Title Heidegger
Remainder of title a guide for the perplexed
Statement of responsibility, etc /by David R. Cerbone
260 ## - PUBLICATION, DISTRIBUTION, ETC. (IMPRINT)
Place of publication, distribution, etc London
Name of publisher, distributor, etc Continuum International
Date of publication, distribution, etc 2008
300 ## - PHYSICAL DESCRIPTION
Extent xiv, 178p. ;
Dimensions 22cm.
440 ## - SERIES STATEMENT/ADDED ENTRY--TITLE
Title Continuum guides for the perplexed
9 (RLIN) 20056
650 ## - SUBJECT ADDED ENTRY--TOPICAL TERM
Source of heading or term Heidegger, Martin
942 ## - ADDED ENTRY ELEMENTS (KOHA)
Source of classification or shelving scheme Library of Congress Classification
Item type Monograph ( Printed materials)
Holdings
Withdrawn status Lost status Source of classification or shelving scheme Damaged status Not for loan Collection code Home library Current library Shelving location Date acquired Total Checkouts Full call number Barcode Date last seen Date last borrowed Price effective from Koha item type
    Library of Congress Classification     Main Collection ARRUPE LIBRARY ARRUPE LIBRARY Main Collection 06/10/2015 3 B3279.H49C395 2008 46500004012 13/10/2022 22/09/2022 06/10/2015 Monograph ( Printed materials)

 

Arrupe Library. PO Box MP320 Mt Pleasant, Harare, Zimbabwe
263 242 745411|librarian@aju.ac.zw